书目信息 |
| 题名: |
深度记忆
|
|
| 作者: | 麦迪根 著 ;钱志慧 译 | |
| 分册: | ||
| 出版信息: | 天津 天津人民出版社 2019.06 |
|
| 页数: | 274页 | |
| 开本: | 21cm | |
| 丛书名: | ||
| 单 册: | ||
| 中图分类: | B842.3-49 | |
| 科图分类: | ||
| 主题词: | 记忆术--ji yi shu--通俗读物 | |
| 电子资源: | ||
| ISBN: | 978-7-201-14675-1 | |
| 000 | 01218nam 2200301 450 | |
| 001 | 012001003122 | |
| 005 | 20141204125124.0 | |
| 010 | @a978-7-201-14675-1@dCNY49.80 | |
| 099 | @aCAL 012019094438 | |
| 100 | @a20220905d2019 em y0chiy50 ea | |
| 101 | 1 | @achi@ceng |
| 102 | @aCN@b120000 | |
| 105 | @aa z 000yy | |
| 106 | @ar | |
| 200 | 1 | @a深度记忆@Ashen du ji yi@d= Deep memory@e如何有效记忆你想记住的一切@f(美) 罗伯特·麦迪根著@g钱志慧译@zeng |
| 210 | @a天津@c天津人民出版社@d2019.06 | |
| 215 | @a274页@c图@d21cm | |
| 312 | @a版权页题书名原文:How memory works | |
| 330 | @a本书是美国记忆心理学家罗伯特.麦迪根撰写的关于记忆的科普书籍。在这本书中,作者总结了自己三十余年的研究实践和教学经验,不仅解释了记忆的工作原理,并且提出了科学实用的记忆技巧和实操方法,经过系统的学习和适当的训练,你也能成为记忆天才。 | |
| 500 | 10 | @aHow memory works@mChinese |
| 510 | 1 | @aDeep memory@zeng |
| 517 | 1 | @a如何有效记忆你想记住的一切@Aru he you xiao ji yi ni xiang ji zhu de yi qie |
| 606 | 0 | @a记忆术@Aji yi shu@j通俗读物 |
| 690 | @aB842.3-49@v5 | |
| 701 | 1 | @a麦迪根@Amai di gen@b罗伯特@4著 |
| 702 | 0 | @a钱志慧@Aqian zhi hui@4译 |
| 801 | 0 | @aCN@bAHXH@c20221111 |
| 905 | @b1374119-23@dB842.3-49@e4479@f5 | |
| 深度记忆= Deep memory:如何有效记忆你想记住的一切/(美) 罗伯特·麦迪根著/钱志慧译.-天津:天津人民出版社,2019.06 |
| 274页:图;21cm |
| ISBN 978-7-201-14675-1:CNY49.80 |
| 本书是美国记忆心理学家罗伯特.麦迪根撰写的关于记忆的科普书籍。在这本书中,作者总结了自己三十余年的研究实践和教学经验,不仅解释了记忆的工作原理,并且提出了科学实用的记忆技巧和实操方法,经过系统的学习和适当的训练,你也能成为记忆天才。 |
| ● |
| 相关链接 |
|
|
|
|
正题名:深度记忆
索取号:B842.3-49/4479
 
预约/预借
| 序号 | 登录号 | 条形码 | 馆藏地/架位号 | 状态 | 备注 |
| 1 | 1374119 | 213741192 | 第一样本阅览室/ [索取号:B842.3-49/4479] | 在馆 | |
| 2 | 1374120 | 213741209 | 教育系资料室/ [索取号:B842.3-49/4479] | 在馆 | |
| 3 | 1374121 | 213741218 | 教育系资料室/ [索取号:B842.3-49/4479] | 在馆 | |
| 4 | 1374122 | 213741227 | 第一借阅区/ [索取号:B842.3-49/4479] | 在馆 | |
| 5 | 1374123 | 213741236 | 第一借阅区/ [索取号:B842.3-49/4479] | 在馆 | |
| 6 | 1407154 | 214071546 | 第一借阅区/ [索取号:B842.3-49/4479] | 在馆 | |
| 7 | 1407155 | 214071555 | 第一借阅区/ [索取号:B842.3-49/4479] | 在馆 | |
| 8 | 1407156 | 214071564 | 第一借阅区/ [索取号:B842.3-49/4479] | 在馆 | |
| 9 | 1407157 | 214071573 | 第一借阅区/ [索取号:B842.3-49/4479] | 在馆 |